| 000 | 00494nam a22001937a 4500 | ||
|---|---|---|---|
| 003 | CEME | ||
| 005 | 20210628202812.0 | ||
| 008 | 210125b xxu||||| |||| 00| 0 eng d | ||
| 020 | _a81-7808-534-8 | ||
| 040 | _c. | ||
| 082 | _a621.433 SAR | ||
| 100 |
_aSaravanamuttoo, Hih Rogers, Gfc Cohen, H _961699 |
||
| 245 | _aGas turbine theory | ||
| 250 | _a5TH | ||
| 260 |
_aNEW DELHI _bPEARSON EDUCATION _c2005 |
||
| 300 | _aXIV,491 P | ||
| 650 |
_aGAS TURBINE THEORY _961700 |
||
| 942 |
_cBK _2ddc |
||
| 999 |
_c571063 _d571063 |
||